All English Football League Teams Ever - Statistics

General Stats
  • This quiz has been taken 4,221 times
    894 since last reset
  • The average score is 87 of 147
Answer Stats
Football League Clubs % Correct
Arsenal
96%
Manchester City
96%
Manchester United
96%
Liverpool
93%
Chelsea
92%
Newcastle United
92%
Sunderland
92%
Tottenham Hotspur
92%
Aston Villa
91%
Nottingham Forest
91%
West Ham United
90%
Wolverhampton Wanderers
89%
Brighton & Hove Albion
88%
Everton
88%
Leicester City
88%
Southampton
88%
Ipswich Town
87%
Leeds United
87%
Sheffield United
87%
AFC Bournemouth
86%
Brentford
86%
Cardiff City
86%
Fulham
86%
Norwich City
86%
Sheffield Wednesday
86%
Crystal Palace
85%
Portsmouth
85%
Swansea City
85%
Wrexham
85%
Blackburn Rovers
84%
Burnley
84%
Birmingham City
83%
Luton Town
83%
Hull City
82%
Plymouth Argyle
82%
Blackpool
81%
Derby County
81%
Oxford United
81%
Queens Park Rangers
81%
AFC Wimbledon
80%
Middlesbrough
80%
Stoke City
80%
West Bromwich Albion
80%
Wimbledon
80%
Watford
79%
Bolton Wanderers
78%
Bristol City
78%
Huddersfield Town
77%
Cambridge United
76%
Charlton Athletic
76%
Millwall
76%
Preston North End
76%
Reading
76%
Coventry City
75%
Bradford City
74%
Bristol Rovers
74%
Exeter City
74%
Milton Keynes Dons
73%
Notts County
73%
Wigan Athletic
73%
Oldham Athletic
72%
Accrington
71%
Accrington Stanley
71%
Barnsley
71%
Chester City
71%
Northampton Town
70%
Lincoln City
68%
Swindon Town
68%
York City
68%
Grimsby Town
67%
Newport County
67%
Salford City
66%
Carlisle United
65%
Colchester United
65%
Doncaster Rovers
65%
Gillingham
65%
Wycombe Wanderers
65%
Peterborough United
64%
Leyton Orient
63%
Port Vale
63%
Burton Albion
62%
Chesterfield
62%
Crewe Alexandra
62%
Rotherham United
62%
Stockport County
62%
Tranmere Rovers
62%
Bury
61%
Yeovil Town
61%
Mansfield Town
60%
Walsall
60%
Cheltenham Town
58%
Morecambe
57%
Shrewsbury Town
57%
Southend United
55%
Crawley Town
54%
Forest Green Rovers
54%
Macclesfield Town
54%
Barnet
53%
Barrow
53%
Fleetwood Town
53%
Harrogate Town
53%
Bromley
52%
Rochdale
52%
Scunthorpe United
52%
Hartlepool United
51%
Stevenage
51%
Sutton United
45%
Dagenham & Redbridge
44%
Torquay United
44%
Aldershot
42%
Aldershot Town
42%
Darlington
41%
Halifax Town
41%
Boston United
39%
Hereford United
39%
Kidderminster Harriers
38%
Gateshead
37%
Southport
35%
Maidstone United
33%
Scarborough
31%
Durham City
25%
Rushden & Diamonds
22%
Bradford (Park Avenue)
19%
Workington
13%
Darwen
12%
Glossop North End
12%
Burton United
11%
Leeds City
11%
Loughborough
11%
Merthyr Town
11%
Northwich Victoria
11%
Gainsborough Trinity
10%
Burton Wanderers
9%
Aberdare Athletic
8%
New Brighton
8%
Rotherham Town
8%
Ashington
7%
Burton Swifts
7%
Stalybridge Celtic
7%
Bootle
6%
Middlesbrough Ironopolis
6%
Thames
6%
Wigan Borough
6%
Nelson
5%
New Brighton Tower
5%
Rotherham County
5%
No matching quizzes found
Score Distribution
Percent of People with Each Score
Percentile by Number Answered
Your Score History
You have not taken this quiz since the last reset